[Event "ICS rated blitz match"]
[Site "204.178.125.65"]
[Date "1999.08.22"]
[Round "?"]
[White "Hossa"]
[Black "inmortal"]
[Result "1-0"]
[WhiteElo "2436"]
[BlackElo "2325"]
[Annotator "Fritz 5.32 (15s)"]
[PlyCount "125"]

1. d4 1... Nf6 {Opening = D00 -(2.Nc3 Nf6 3.---)} 2. Bg5 d5 3. Bxf6 exf6 4. e3
g6 5. c4 Bg7 (5... dxc4 6. Bxc4 Bd6 7. Nc3 O-O 8. Qf3 c5 9. Nge2 Nc6 10. O-O
cxd4 11. exd4 Bf5 12. Rfd1 Rc8 13. Bb3 h5 14. h3 Kg7 15. Ng3 Bxg3 16. Qxg3 Na5
17. Rd2 Re8 18. Rad1 Nxb3 19. axb3 Qd7 20. d5 Re5 21. f4 Ree8 22. Re1 Rxe1+ 23.
Qxe1 Qd6 24. Qe3 a6 25. Qd4 b5 26. Re2 Rd8 27. b4 Rc8 28. b3 Rd8 29. Kf2 h4 30.
Kg1 Rc8 31. Kh1 Rd8 32. Kg1 Rc8 33. Kf2 Rd8 34. Ke1 Rc8 35. Kd2 Bd7 36. Re1 Rc7
37. Rc1 Bf5 38. Ke3 Re7+ 39. Kf2 Rd7 40. Kf3 Rc7 41. Kf2 41... Rd7 {
- Meduna,E-Fries Nielsen,J/Forli 1990/EXT 97 (41)}) 6. cxd5 Qxd5 7. Nc3 7...
Qd8 $146 (7... Qa5 8. Nf3 (8. Bd3 O-O 9. Nge2 Nd7 10. h4 h5 11. g4 hxg4 12. h5
gxh5 13. Ng3 f5 14. Rxh5 Nf6 15. Rg5 Nh7 16. Rh5 Nf6 17. Rh4 Re8 18. Nh5 f4 19.
Nxf4 Qg5 20. Ng2 Bd7 21. Ne2 Bc6 22. Rh2 Bf3 23. Qc2 Ne4 24. Bxe4 Bxe4 25. Qxc7
Rac8 26. Qf4 Qa5+ 27. Kf1 Bf3 28. Nc3 Qb4 29. Nd1 Qc4+ 30. Kg1 Qe2 31. Nh4 {
0-1 Andjelkovic,S-Bosnic,L/Brezovica 1988/EXT 97 (31)}) 8... O-O 9. Be2 c6 10.
O-O f5 11. Qd2 Nd7 12. Rab1 c5 13. b4 cxb4 14. Nb5 Nf6 15. Qxb4 Qxb4 16. Rxb4
Nd5 17. Rb2 Bd7 18. Bc4 Nb6 19. Bd3 Bc6 20. Rc1 Rfd8 21. Nxa7 Rxa7 22. Rxb6 {
Clarke,T-Olsson,M/Kilkenny 1996/CBM 55 ext/1-0 (51)}) 8. Bb5+ 8... c6 {
Befestigt d5} 9. Bd3 O-O 10. Nge2 f5 11. Qb3 Nd7 12. O-O Nf6 13. Nf4 Qe7 14.
Rac1 Ne4 15. Rfe1 Rd8 16. Qc2 Re8 17. f3 Nxc3 18. bxc3 c5 19. Qf2 19... b6 $14
(19... Qd6 20. Bb5 Rd8 21. Rcd1 $11) 20. Nd5 $11 (20. e4 Qc7 21. Nd5 21... Qd6
$11) 20... Qd8 21. e4 fxe4 22. fxe4 Bb7 23. Bc4 ({Schwaecher scheint} 23. dxc5
23... Bxd5 24. exd5 24... Qxd5 $17) 23... Rf8 24. a3 Rc8 25. Ba2 cxd4 26. cxd4
26... Qd6 $14 (26... Rxc1 $5 $142 27. Rxc1 27... Kh8 $17) 27. Rxc8 Bxc8 28. Qb2
Be6 29. Rf1 Kh8 30. Rf3 $17 (30. e5 $5 $142 {
damit waere Weiss im Spiel geblieben} 30... Qd8 31. Qb5 $15) 30... Rc8 $11 (
30... Qd8 $5 $17) 31. Bb3 $17 (31. e5 $5 {muss erwogen werden} 31... Qd8 32.
Rc3 $15) 31... Qc5 32. Rd3 Qc1+ 33. Qxc1 Rxc1+ 34. Kf2 Ra1 35. Bd1 35... Rc1
$11 (35... f5 $5 {ist zu beachten} 36. Bf3 Ra2+ 37. Ke1 Bxd5 38. exd5 38... Bf8
$15) 36. Ne3 Bd7 37. Bg4 Bb5 38. Rd2 h5 (38... Rc3 39. Nd5 Rxa3 40. e5 $17) 39.
Be2 Bd7 40. Bc4 Kg8 41. e5 Bh6 42. Be2 42... Rc3 $14 (42... f6 43. Bd3 Kf7 44.
exf6 $11) 43. Rd3 Rxd3 44. Bxd3 Kf8 45. Kf3 Bg7 46. Kf4 Bc8 47. d5 Bd7 48. g3
Ke8 49. Nc4 Bf8 50. Nd6+ Bxd6 51. exd6 Kf8 52. Ke5 {
Der weisse Koenig wird gefaehrlich} 52... Kg7 53. h4 f6+ 54. Kd4 g5 55. Ba6
55... Kh6 $4 $18 (55... Kf7 $11 $142 {war relativ besser}) 56. Bb7 f5 (56...
Bg4 {macht keinen grossen Unterschied} 57. Bc6 $18) 57. Bc6 {
Weiss erhaelt entscheidenden Koenigsangriff} 57... f4 (57... Bc8 {
aendert den traurigen Lauf der Dinge nicht} 58. Ke5 $18) 58. Bxd7 fxg3 (58...
Kg7 $18 {sonst gehen die Lichter sofort aus}) 59. Bh3 g4 60. Bg2 {
Mit der Mattdrohung d7} 60... Kg6 (60... b5 {hilft allerdings auch nicht} 61.
d7 Kg7 62. d8=Q b4 63. d6 bxa3 64. Qe7+ Kg8 65. d7 a2 66. d8=Q#) 61. d7 Kf6 (
61... b5 {aendert nichts mehr} 62. d8=Q Kg7 63. d6 b4 64. Qe7+ Kg8 65. d7 bxa3
66. d8=Q#) 62. d8=Q+ Kf5 (62... Kg7 {aendert nichts am Ausgang der Partie} 63.
d6 b5 64. Qe7+ Kg8 65. d7 b4 66. d8=Q#) 63. Qg5# 1-0

[Event "ICS rated blitz match"]
[Site "204.178.125.65"]
[Date "1999.08.22"]
[Round "?"]
[White "Hossa"]
[Black "OVI68"]
[Result "1-0"]
[WhiteElo "2447"]
[BlackElo "2264"]
[Annotator "Fritz 5.32 (15s)"]
[PlyCount "57"]

1. e4 1... e5 {Opening = C28 - 3.Bc4 Nc6} 2. Bc4 Nf6 3. Nc3 Nc6 4. d3 Bc5 5. f4
d6 6. fxe5 $146 (6. f5 Nd4 (6... Na5 7. Bg5 (7. Bb3 Nxb3 8. axb3 d5 9. Bg5 Bb4
10. exd5 Qxd5 11. Qf3 Qxf3 12. Nxf3 Bxf5 13. Nxe5 Ng4 14. Nxg4 Bxg4 15. Kd2 f6
16. Bf4 Kd7 17. Rae1 Rhe8 18. h3 Bh5 19. Kc1 c6 20. Rxe8 Rxe8 21. Ne4 21... Bf7
{Fakhiridou,E-Makropoulou,M/Volos 1996/EXT 97/0-1 (43)}) (7. Qf3 c6 8. g4 b5 9.
Bb3 Nxb3 10. axb3 Qb6 11. Nge2 h6 12. h4 Nd7 13. g5 h5 14. Rf1 Bb7 15. g6 fxg6
16. Bg5 Rf8 17. Qh3 Bc8 18. O-O-O a5 19. Qg3 a4 20. b4 Bxb4 21. Be3 Qa5 22.
Qxg6+ Rf7 23. Kd2 Nf6 24. Bg5 d5 25. exd5 cxd5 26. Rde1 Be7 27. Nf4 Bxf5 28.
Qxf5 Ne4+ 29. dxe4 (29. dxe4 Rxf5 30. exf5 Bxg5 31. Rxe5+ Kf7 32. hxg5 d4 33.
Rfe1 dxc3+ 34. bxc3 Qd8+ 35. Nd3 Qxg5+ 36. Kd1 a3 37. f6 Qxf6 38. Kc1 a2 39.
Kb2 a1=Q+ 40. Rxa1 Rxa1 41. Kxa1 h4 42. Re3 Qxc3+ 43. Kb1 Kf6 44. Rh3 g5 45.
Rf3+ Kg7 46. Rf5 Kh6 47. Rxb5 h3 48. Ne5 Qd2 49. Ng4+ Kh5 50. Nf6+ Kh4 51. Rb8
Qe1+ 52. Ka2 52... Qe6+ {1-0 Mieses,J-Winawer,S/Monte Carlo 1901/EXT 99 (52)})
29... Rxf5 30. exf5 Bxg5 31. Rxe5+ Kf7 32. hxg5 d4 33. Rfe1 dxc3+ 34. bxc3 Qd8+
35. Nd3 Qxg5+ 36. Kd1 a3 37. f6 Qxf6 38. Kc1 a2 39. Kb2 a1=Q+ 40. Rxa1 Rxa1 41.
Kxa1 h4 42. Re3 Qxc3+ 43. Kb1 Kf6 44. Rh3 g5 45. Rf3+ Kg7 46. Rf5 Kh6 47. Rxb5
h3 48. Ne5 48... Qd2 {0-1 Winawer,S-Mieses,J/Monte Carlo 1901/EXT 98 (48)})
7... c6 8. Bb3 h6 9. Bh4 b5 10. Qe2 Qb6 11. Nh3 Nxb3 12. axb3 Bd7 13. Nf2 a5
14. O-O Nh7 15. Kh1 f6 16. Ng4 Ng5 17. Bf2 Bxf2 18. Nxf2 Ra7 19. Qd2 Ke7 20.
Ne2 Rc8 21. d4 a4 22. b4 a3 23. dxe5 dxe5 24. b3 Be8 25. h4 Nf7 26. Nd3 Nd6 27.
Nc5 Bf7 28. Nc1 {- Epishin,V-Huzman,A/Norilsk 1987/EXT 97 (28)}) 7. Bg5 c6 8.
a3 h6 9. Bh4 d5 10. Ba2 Qd6 11. Nh3 g5 12. Bf2 g4 13. Ng1 Rg8 14. Nge2 g3 15.
hxg3 Ng4 16. Bg1 Nxe2 17. Qxe2 Bxg1 18. Rxg1 d4 19. Nd1 Bd7 20. Rh1 20... Qf6 {
Runic,Z-Mitkov,M/JUG-chT 1989/TD/1-0 (60)}) 6... dxe5 7. Nf3 Be6 8. Bxe6 8...
fxe6 {Staerkt d5.} 9. Ng5 Qd7 10. Na4 10... Bb6 $14 (10... Bb4+ $5 {
ist zu erwaegen} 11. c3 11... Bd6 $11) 11. Nxb6 axb6 12. O-O h6 13. Nf3 O-O 14.
Bd2 14... Qf7 $16 (14... Qd6 15. Bc3 $14) 15. Qe1 Qh5 16. Bc3 Ng4 17. h3 {
Weiss geht zum Angriff ueber} 17... Nf6 18. Qg3 Nd7 19. Qh2 Rf4 20. g4 Qe8 21.
Nxe5 Rxf1+ 22. Rxf1 Ndxe5 23. Bxe5 Rxa2 24. Bxc7 Rxb2 25. Bd6 Kh7 26. Ba3 $11 (
26. Rf8 Qd7 27. Qf4 27... Nd4 $16) 26... Ra2 27. Bf8 27... Nd4 $4 $18 {
Der rueckstaendige Bauer c2 wird angegriffen. danach kann Schwarz alle Traeume
begraben} (27... Qd7 $11 $142 {haette die Partie gerettet}) 28. Qc7 {Droht Matt
} 28... Nf5 (28... Qg6 {bot noch bessere Widerstandsmoeglichkeiten} 29. Rf7
Rxc2 30. Rxg7+ Kh8 31. Qxc2 31... Qf6 $18) 29. Rxf5 $1 {ganz unerschrocken} (
29. Rxf5 Qg6 30. Rf7 Rxc2 31. Qe7 Rc1+ 32. Kf2 Rc2+ 33. Kg3 Rc1 34. Rxg7+ Kh8
35. Rxg6 Rg1+ 36. Kh2 Rh1+ 37. Kxh1 b5 38. Qg7#) (29. exf5 $6 29... Qxf8 30.
fxe6 30... Qb4 $18) 1-0

[Event "ICS rated blitz match"]
[Site "204.178.125.65"]
[Date "1999.08.22"]
[Round "?"]
[White "ulun"]
[Black "Hossa"]
[Result "0-1"]
[WhiteElo "2054"]
[BlackElo "2455"]
[Annotator "Fritz 5.32 (15s)"]
[PlyCount "34"]

1. e4 1... e5 {Opening = C46 - 3.Nc3 ---} 2. Nf3 Nc6 3. Nc3 Bb4 4. a3 Bxc3 (
4... Ba5 5. Bc4 Nf6 6. O-O O-O 7. d3 d6 8. Bg5 Bg4 9. h3 Bh5 10. Qe2 Ne7 11.
Qe3 h6 12. Bxf6 gxf6 13. Nh4 Bxc3 14. bxc3 Ng6 15. Qg3 Qd7 16. Nxg6 Bxg6 17.
Qxg6+ Kh8 18. Qxh6+ Kg8 19. Rae1 Rae8 20. Re3 f5 21. Rg3# {
1-0 Goliasova,L-Hejlova,M/Svetla nad Sazavou 1998/EXT 99 (21)}) 5. dxc3 d6 6.
Bb5 $146 (6. h3 h6 7. Bc4 Be6 8. Bxe6 fxe6 9. Qd3 Nf6 10. O-O O-O 11. Qe2 Qe8
12. Re1 Qf7 13. Rf1 Nh5 14. Bd2 Ne7 15. Nh2 Nf4 16. Bxf4 Qxf4 17. Qg4 Rf6 18.
Qxf4 Rxf4 19. f3 h5 20. Rad1 a5 21. Rfe1 g5 22. Rd3 a4 23. Nf1 Nc6 24. Ne3 Na5
25. Kf2 Ra6 26. Ke2 Rb6 27. Rb1 Rf8 28. c4 Nc6 29. c5 dxc5 30. Rd7 Rf7 31. Rxf7
Kxf7 32. Nc4 Ra6 33. Rd1 Ke7 34. Kd2 b5 35. Ne3 Nd4 36. Kc1 c4 37. c3 Nb3+ 38.
Kc2 Nc5 39. Rd2 Rd6 40. Rxd6 40... cxd6 {
Koch,U-Schuchardt,G/Kassel 1995/EXT 98/0-1 (56)}) (6. Bc4 Nf6 7. Qd3 Be6 8. h3
a6 9. Ng5 Bxc4 10. Qxc4 d5 11. exd5 Qxd5 12. Qxd5 Nxd5 13. Bd2 h6 14. Ne4 f5
15. Nc5 b6 16. Nd3 Nf6 17. O-O-O O-O-O 18. c4 Rhe8 19. Rhe1 e4 20. Nf4 20... g5
{Flohr,S-Alekhine,A/Prague 1931/HCL/0-1 (40)}) (6. g3 Nf6 7. Bg2 Nxe4 8. O-O
O-O 9. Re1 Nf6 10. Bd2 Re8 11. Qc1 Nd5 12. c4 Nb6 13. Bh6 g6 14. Bg5 Qd7 15.
Bf6 Qf5 16. Qg5 Qxg5 17. Bxg5 Nxc4 18. b3 Nb6 19. Re4 Bf5 20. Rh4 20... Bxc2 {
Mettke,A-Marjankowski,S/Pinneberg 1996/EXT 97/0-1 (34)}) 6... Nge7 7. O-O f5 8.
exf5 Bxf5 9. Bg5 Bd7 10. Nd2 O-O 11. f4 11... Na5 $14 (11... h6 $5 12. Bc4+
12... Kh8 $15) 12. Bxd7 Qxd7 13. Bxe7 $11 (13. Nf3 e4 (13... exf4 $2 {
ist nicht korrekt} 14. Bxe7 Qxe7 15. Qd5+ Qf7 16. Qxa5 $18) 14. Ne5 Qe6 15.
Bxe7 Qxe7 16. Qd5+ Kh8 17. Qxa5 dxe5 18. fxe5 18... c5 $11) 13... Qxe7 14. fxe5
dxe5 15. Rxf8+ Rxf8 16. Ne4 Qe6 17. Qe2 $17 (17. b3 $5 $11 $142 {
ist vielleicht staerker}) 17... Qb6+ (17... Qb6+ 18. Kh1 18... Qxb2 $17) 0-1

[Event "ICS rated blitz match"]
[Site "204.178.125.65"]
[Date "1999.08.22"]
[Round "?"]
[White "Hossa"]
[Black "ulun"]
[Result "1-0"]
[WhiteElo "2458"]
[BlackElo "2051"]
[Annotator "Fritz 5.32 (15s)"]
[PlyCount "23"]

1. d4 1... Nf6 {Opening = E81 - 5.f3 0-0(6.Be3 ---)} 2. c4 g6 3. Nc3 Bg7 4. e4
O-O 5. Bg5 d6 6. f3 Nbd7 7. f4 $146 (7. Qd2 c5 (7... Re8 8. Nge2 c5 9. d5 a6
10. a4 Qa5 11. Nd1 Qxd2+ 12. Bxd2 Nb6 13. Nec3 Bd7 14. a5 Nc8 15. Na4 Bxa4 16.
Rxa4 b6 17. axb6 Nxb6 18. Ra2 Reb8 19. Ba5 Nfd7 20. Kd2 Ne5 21. b3 Bh6+ 22. Kc2
{Drummond,M-Vidawati,S/Jakarta 1997/CBM 58 ext/1-0 (59)}) 8. Nge2 Qc7 (8... Qa5
9. d5 Re8 10. Nc1 a6 11. Nb3 Qc7 12. Rd1 Nf8 13. Be2 Rb8 14. O-O N6d7 15. Bh6
Bh8 16. Kh1 Ne5 17. Rde1 f6 18. Be3 Nf7 19. g4 Bd7 20. Qc2 b5 21. f4 b4 22. Nd1
a5 23. Nd2 {Saemisch,F-Sauren,J/Muenchen 1936/HCL/1-0 (75)}) 9. h4 cxd4 10.
Nxd4 Ne5 11. Bxf6 exf6 12. Nd5 Qd8 13. h5 Be6 14. hxg6 Nxg6 15. Nf5 Bxf5 16.
exf5 Ne5 17. Be2 Qd7 18. Kf2 Rac8 19. Rh4 Rfe8 20. Qf4 b5 21. Rah1 bxc4 22.
Rxh7 Ng6 23. Rxg7+ Kxg7 24. Qh6+ Kg8 25. Nxf6# {
1-0 Nascimento,A-Weil,D/Cappelle 1995/EXT 97 (25)}) (7. Nge2 e5 8. d5 h6 (8...
a5 9. Qd2 Nc5 10. Nc1 Bd7 11. Nd3 b6 12. Be2 h6 13. Bxh6 Nfxe4 14. fxe4 Qh4+
15. g3 Qxh6 16. Qxh6 Bxh6 17. Nxc5 bxc5 18. g4 Rab8 19. Nb5 c6 20. dxc6 Bxc6
21. Bd3 f5 22. gxf5 gxf5 23. Rg1+ {
Peters,J-Bouaraba,M/Bad Zwesten 1998/EXT 99/0-1 (36)}) 9. Be3 Nh7 10. Qd2 f5
11. O-O-O f4 12. Bf2 a5 13. Kb1 b6 14. Nc1 g5 15. Bd3 Nc5 16. Bc2 Bd7 17. h3
Rf7 18. Rde1 Nf8 19. b3 Qb8 20. Kb2 Ng6 21. a3 21... b5 {
Ionov,S-Bratchenko,A/Kazan 1995/CBM 51/1-0 (60)}) 7... c5 8. d5 {Raumvorteil}
8... b5 $16 {Greift die Basis der Bauernkette an} (8... h6 $5 9. Bh4 9... Qb6
$11) 9. cxb5 a6 10. Nf3 axb5 11. Bxb5 11... Qb6 $16 (11... Nxe4 12. Nxe4 Qa5+
13. Nc3 Bxc3+ 14. bxc3 14... Qxb5 $11) 12. e5 (12. e5 dxe5 13. fxe5 $16) 1-0

[Event "ICS rated blitz match"]
[Site "204.178.125.65"]
[Date "1999.08.22"]
[Round "?"]
[White "NETAO"]
[Black "Hossa"]
[Result "1/2-1/2"]
[WhiteElo "2184"]
[BlackElo "2461"]
[Annotator "Fritz 5.32 (15s)"]
[PlyCount "72"]

1. e4 1... e5 {Opening = C33 - 2.f4 ef4 3.---} 2. f4 exf4 3. Bc4 f5 4. Nc3 Qh4+
5. Kf1 fxe4 6. Nxe4 6... Qe7 $11 (6... Be7 7. d4 Nh6 8. Nf3 Qh5 9. Bxf4 d5 10.
Ng3 Qf7 11. Bb5+ c6 12. Bxh6 cxb5 13. Be3 O-O 14. Kg1 Bg4 15. Qd2 Bxf3 16. Rf1
Qg6 17. Rxf3 Nd7 18. Kf2 Rac8 19. Rc1 Bd6 20. Qd3 Bxg3+ 21. hxg3 {
Maroczy,G-Marco,G/Wien 1903/HCL/0-1 (56)}) (6... c6 7. Qe2 (7. Nf3 Qh5 8. Bxg8
Rxg8 9. d4 d5 10. Neg5 Be7 11. Qe2 Rf8 12. Kf2 Bg4 13. Ne6 Bxe6 14. Qxe6 Qf5
15. Qe2 Kf7 16. Re1 Bf6 17. Kg1 Kg8 18. b3 Nd7 19. Ba3 Rfc8 20. Rad1 Nf8 21. c4
Ng6 22. Bd6 Qd7 23. Be5 Rf8 24. Qf2 Rad8 25. c5 Rde8 26. Re2 Re6 27. Rde1 Rfe8
28. b4 Qe7 29. Qf1 Nh4 30. Nxh4 Bxh4 31. Rb1 Bf6 32. Rbe1 Bh4 33. Rb1 Bf6 34.
Rbe1 Bh4 35. Rb1 35... Bf6 {- Charousek,R-Englisch,B/Berlin 1897/HCL (35)})
7... Kd8 8. Nf3 Qh5 9. g4 Qh3+ 10. Ke1 Be7 11. Nf2 Bh4 12. Ng5 Bxf2+ 13. Qxf2
Qxg4 14. Nf7+ Kc7 15. d4 f3 16. Qg3+ Qxg3+ 17. hxg3 d5 18. Bf4+ Kb6 19. Bd3 Nf6
20. Nxh8 Ne4 21. Bxe4 dxe4 22. Rxh7 Bf5 23. Rxg7 Nd7 24. Ng6 Rc8 25. Be3 Bxg6
26. Rxg6 Rh8 27. Rh6 Rg8 28. Kf2 28... Kb5 {
1-0 Klueting,R-Brendel,H/Nuernberg 1996/EXT 97 (28)}) (6... Nf6 7. Nf3 Qh5 8.
Qe2 Be7 9. d4 d5 10. Nxf6+ gxf6 11. Bb3 Nc6 12. Bxf4 Bg4 13. Ba4 Kf7 14. Bxc6
bxc6 15. c3 Rae8 16. Kf2 Rhg8 17. Qd2 Bxf3 18. gxf3 Bd6 19. Rhg1 Qh4+ 20. Bg3
Rxg3 21. Rxg3 Qxh2+ 22. Rg2 22... Bg3+ {
0-1 Franke,A-Metger,J/Leipzig 1877/HCL (22)}) (6... Ne7 $5 $15) 7. Qe2 Nc6 (
7... Kd8 8. d3 Nf6 9. Nc3 $11 (9. Bxf4 $2 {wird widerlegt durch} 9... d5 $19))
8. Nf3 $15 (8. d3 Nb4 9. Bxf4 d5 10. Bb5+ 10... Kd8 $11) 8... Nb4 9. Bb3 d5 10.
Nc3 Bf5 11. d3 {Verwehrt dem Gegner e4} ({Nachteilig ist} 11. Bxd5 11... Qxe2+
(11... Bxc2 12. Bc4 $17) (11... Nxd5 12. Nxd5 Qxe2+ 13. Kxe2 $15) 12. Kxe2
12... O-O-O $19 (12... Bxc2 $143 13. Bxb7 Bd3+ 14. Kd1 $11) (12... Nxc2 $6 13.
Bxb7 Rd8 14. Bc6+ Kf7 15. Rb1 $17) (12... Nxd5 13. Nxd5 O-O-O 14. Nxf4 $17))
11... Nf6 $14 (11... O-O-O 12. Bxf4 Qxe2+ 13. Nxe2 $11) 12. Bxf4 Qxe2+ 13. Nxe2
O-O-O 14. Ned4 Bd7 15. a3 Na6 16. Ne5 Bc5 17. Nxd7 $17 (17. Ndf3 $5 $142 {
bedarf naeherer Analyse} 17... Bd6 18. Be3 $11) 17... Bxd4 ({Schlechter scheint
} 17... Nxd7 18. Ne6 $16) (17... Kxd7 $6 18. Nf3 $11) 18. Nxf6 Bxb2 (18... gxf6
$6 19. c3 Be5 20. Bh6 $14) 19. Re1 Bxf6 20. g3 Nc5 21. Kg2 Nxb3 22. cxb3 Rde8
23. Kf3 Bd4 24. a4 c5 25. Re2 Rxe2 26. Kxe2 a6 27. Kf3 Rf8 28. Kg4 b5 29. axb5
axb5 30. Re1 $19 (30. Bd6 30... Rf7 $17) 30... Rf7 $17 (30... Kd7 $5 $19 $142)
31. Re8+ Kd7 32. Rb8 32... b4 $11 (32... Kc6 $5 $142 33. Rc8+ 33... Kb6 $17)
33. Rb7+ Ke8 34. Rb8+ Ke7 35. Rb7+ Ke8 36. Rb8+ Ke7 1/2-1/2

[Event "ICS rated blitz match"]
[Site "204.178.125.65"]
[Date "1999.08.22"]
[Round "?"]
[White "ulun"]
[Black "Hossa"]
[Result "0-1"]
[WhiteElo "2096"]
[BlackElo "2450"]
[Annotator "Fritz 5.32 (15s)"]
[PlyCount "76"]

1. e4 1... e5 {Opening = C46 - 3.Nc3 ---} 2. Nf3 Nc6 3. Nc3 Bb4 4. Nd5 Nf6 5.
Nxb4 Nxb4 6. d3 (6. c3 Nc6 7. d4 d5 8. dxe5 Nxe4 9. Be3 Bg4 10. h3 Bh5 11. Qb3
Na5 12. Qa4+ c6 13. Rd1 O-O 14. g4 Bg6 15. c4 f5 16. cxd5 cxd5 17. Nd4 f4 18.
Ne6 Qh4 19. Bd4 Nc6 20. Nxf8 20... Rxf8 {
Leriche,F-Cormos,E/Montreal 1998/EXT 99/0-1 (34)}) 6... Nc6 $146 (6... d6 7. c3
Nc6 8. Bg5 h6 9. Bh4 9... Qe7 {- Diaz,J-Sieiro Gonzalez,L/CUB-ch 1982/MCD (9)})
7. Bg5 d5 8. exd5 Qxd5 9. Bxf6 9... gxf6 {Befestigt g5} 10. c3 {
Ueberdeckt b4+d4} 10... Bg4 11. Be2 O-O-O 12. O-O $17 (12. Qa4 12... Rhg8 $15)
12... Rhg8 13. Ne1 {Der Springer plant Sf3-e1-c2-e3-f5} 13... h5 14. f3 Bh3 15.
Kh1 Be6 16. Nc2 $17 (16. Qa4 Qa5 17. Qxa5 17... Nxa5 $11) 16... h4 17. Qe1 h3
18. g3 18... Bf5 $11 {Alles auf d3!} (18... f5 $5 $15 {muss beachtet werden})
19. Ne3 Qe6 20. Nxf5 {Der Springer steht auf f5 komfortabel} 20... Qxf5 21. f4
Qe6 22. f5 Qd5+ 23. Rf3 Rg4 24. Qf2 Kb8 25. Kg1 Rdg8 26. Bf1 Rh8 27. a3 {
Staerkt b4} 27... Rh6 28. Re1 Rh5 29. Rfe3 $11 (29. d4 Re4 30. Rxe4 30... Qxe4
$14) 29... Rgg5 {Schwarz zwingt den Gegner mit starken Drohungen nieder} 30.
Re4 $15 (30. Be2 Rxf5 31. Bf3 31... Qb5 $11) 30... Rxf5 31. Qe2 Rfg5 32. b4 $17
(32. d4 f5 (32... exd4 33. Rxd4 Qe6 34. Qxe6 fxe6 35. Rxe6 $16) 33. Rxe5 Nxe5
34. Qxe5 Qxe5 35. Rxe5 35... Kc8 $15) 32... Qb3 33. c4 (33. Qf2 $5 $17) 33...
Qxa3 34. b5 Qc5+ 35. Kh1 Nd4 36. Rg4 $4 $19 {damit ist die Partie vorbei} (36.
Qf2 $142 36... Kc8 37. Be2 $17) 36... Nxe2 {Es droht Matt} 37. Bxe2 Qf2 38. Bf1
Rxg4 (38... Rxg4 39. Rb1 Qf3+ 40. Kg1 Rxg3+ 41. hxg3 h2#) 0-1

[Event "ICS Rated blitz match"]
[Site "204.178.125.65"]
[Date "1999.08.22"]
[Round "?"]
[White "HCL"]
[Black "Hossa"]
[Result "0-1"]
[WhiteElo "2038"]
[BlackElo "2454"]
[Annotator "Fritz 5.32 (15s)"]
[PlyCount "92"]

1. d4 (1. d4) (1. d4) (1. d4) 1... a5 $14 {Opening = A40 - 1.d4 ---} (1... d5
2. Nf3 $11) 2. c4 c5 3. d5 {Raumgewinn} 3... Nf6 4. Nc3 d6 5. e4 e5 6. Bg5 Be7
7. Bd3 $15 (7. Nf3 $5 $14 {ist zu ueberlegen}) 7... Nxd5 8. exd5 Bxg5 9. Nge2
Bg4 10. O-O O-O 11. h3 Bxe2 12. Qxe2 (12. Nxe2 12... Na6 $15) 12... Qf6 $11 (
12... f5 13. Bc2 $15) 13. Ne4 Qh6 14. Qg4 14... Be7 $11 (14... Bf4 15. Qf5 $11)
15. Qg3 $17 (15. Ng3 $5 $11 $142 {muss geprueft werden}) 15... f5 16. Nc3 e4
17. Be2 Bg5 18. Nb5 Bf4 19. Qb3 Rf7 20. f3 $19 (20. Rfe1 $5 $17 $142) 20... e3
21. Nc3 $4 {Weiss verkuerzt seine Leiden} (21. Qd1 $19) 21... Bg3 (21... Qh4
$142 {und nichts geht mehr} 22. Ne4 fxe4 23. fxe4 23... g5 $19) 22. Nd1 f4 23.
Bd3 Qh4 24. Qc2 Na6 25. a3 25... b6 $17 (25... Nc7 26. Nc3 $19) 26. Qe2 $19 (
26. Nc3 26... Rd8 $17) 26... Re8 27. Nc3 Bf2+ 28. Kh1 Rd8 (28... Rd7 29. Ne4
Bg3 30. Qc2 $17) 29. Ne4 Bg3 30. Rad1 (30. Qc2 30... g6 $17) 30... Re7 31. Bc2
Nc7 32. Nxg3 Qxg3 (32... fxg3 $6 33. Be4 $11) 33. Rd3 (33. Rde1 33... Re5 $19)
33... b5 34. b3 a4 35. Qe1 35... Qxe1 {Mit der Mattdrohung Qxf1} 36. Rxe1 axb3
37. Bxb3 Ra8 38. Ba2 (38. g3 38... g5 $19) 38... b4 39. g3 (39. axb4 Rxa2 40.
bxc5 Rd2 41. cxd6 Rxd3 42. dxe7 42... Kf7 $19) 39... Ree8 $4 $17 {
gibt den Vorteil aus der Hand} (39... Rxa3 $142 {entschiede die Partie sofort}
40. Rxa3 bxa3 41. gxf4 41... Na6 $19) 40. gxf4 Rxa3 41. Rxa3 (41. Bb3 $19 $142)
41... bxa3 42. Kg1 Na6 43. Kf1 Nb4 44. Ra1 (44. Bb1 {
ist vielleicht noch ein Schwindelversuch} 44... a2 45. Bxa2 Nxa2 46. Ke2 $19)
44... e2+ 45. Kf2 Nxa2 46. Re1 46... Nb4 $1 {
zwingend und schoen. Droht Matt: Nd3} (46... Nb4 47. Rxe2 Rxe2+ 48. Kxe2 48...
a2 $19) 0-1

[Event "ICS Rated blitz match"]
[Site "204.178.125.65"]
[Date "1999.08.22"]
[Round "?"]
[White "Hossa"]
[Black "Amateur"]
[Result "0-1"]
[WhiteElo "2457"]
[BlackElo "2363"]
[Annotator "Fritz 5.32 (15s)"]
[PlyCount "85"]

1. d4 1... Nf6 {Opening = D85 - 4.cd5 Nd5 5.e4 Nc3 6.bc3 Bg7 7.---} 2. c4 g6 3.
Nc3 d5 4. Nf3 Bg7 5. cxd5 Nxd5 6. e4 Nxc3 7. bxc3 c5 8. Bb5+ Nc6 9. Bxc6+ $146
(9. O-O O-O (9... Qa5 10. Rb1 a6 11. Bxc6+ bxc6 12. Ne5 Bxe5 13. dxe5 Qxc3 14.
Rb3 Qa5 15. Qc2 O-O 16. Ra3 Qb5 17. Rc3 c4 18. Rxc4 Be6 19. Rc5 Qb6 20. Bg5
Rfe8 21. Rb1 Qc7 22. Rc1 Reb8 23. f4 Rb5 24. Rxc6 Qa7+ 25. Kh1 Rab8 26. f5 gxf5
27. exf5 Rb2 28. Qe4 R2b4 29. Qf3 Bd7 30. Qg3 Qd4 31. Bf4+ Kh8 32. f6 Rg8 33.
Qxg8+ {1-0 Law,A-Van Dijk,B/London 1979/MCD (33)}) 10. d5 (10. Bxc6 bxc6 11.
Ba3 cxd4 12. cxd4 Bg4 13. Bc5 Re8 14. Rb1 Qd7 15. Rb4 a5 16. Ra4 Qb7 17. Qb3
Qb5 18. Ng5 Qxb3 19. axb3 e5 20. f3 Bd7 21. dxe5 Rxe5 22. Be3 Rb5 23. Rd1 Be8
24. Rd3 24... Bf6 {Kortschnoj,V-Sax,G/Reykjavik 1988/CBM 10/0-1 (37)}) 10...
Na5 11. Be3 b6 12. Rc1 e5 13. Re1 a6 14. Bf1 Nb7 15. Qb3 Bd7 16. Rb1 b5 17. a4
c4 18. Qb4 Rb8 19. axb5 axb5 20. Ra1 Re8 21. Ra6 Bf8 22. d6 Qc8 23. Rd1 23...
Nc5 {Nutu Gajic,D-Panzalovic,S/Tuzla 1991/EXT 97/0-1 (39)}) (9. Rb1 O-O 10. d5
Na5 11. O-O e6 12. Bg5 f6 13. Be3 b6 14. Qc2 exd5 15. Rbd1 f5 16. exd5 f4 17.
Bc1 Bg4 18. h3 Bxf3 19. gxf3 Qf6 20. Qe4 a6 21. Bd7 Rad8 22. Be6+ 22... Kh8 {
- Olafsson,F-Stean,M/Las Palmas 1978/EXT 99 (22)}) 9... bxc6 10. Qa4 cxd4 11.
cxd4 ({Dagegen} 11. Qxc6+ 11... Bd7 12. Qa6 12... dxc3 $19) (11. Nxd4 $6 11...
Bd7 12. Ne2 12... c5 $11) 11... Bd7 12. Qc4 Qa5+ 13. Bd2 Qb5 14. Rc1 {
Nimmt den isolierten Bauern c6 ins Visier} 14... Bg4 15. Ng5 $11 (15. Ne5 $5
15... Bxe5 16. dxe5 $11) 15... Qxc4 {
Haelt den Koenig im Zentrum fest. Droht Matt: Qe2} 16. Rxc4 Rb8 17. h3 Bd7 18.
Ke2 Rb2 19. a4 O-O 20. g4 $15 (20. Rhc1 20... f5 $11) 20... Rfb8 {
Schwarz haelt das Heft fest in der Hand} 21. f4 R8b3 22. Rh2 Bh6 23. e5 f6 24.
exf6 exf6 25. Ne4 25... Bxf4 $1 {und der Wal spuckt Jonas wieder aus} 26. Rf2
Bxd2 27. Nxd2 Rxh3 28. Rg2 (28. Kf1 Rh1+ 29. Kg2 29... Rh4 $19) 28... Bc8 29.
Rxc6 Bb7 30. d5 Bxc6 31. dxc6 Rc3 32. g5 Rxc6 33. gxf6 Rxf6 34. Ke3 Ra2 35. Ne4
Ra3+ 36. Kd2 Rf4 37. Nf2 (37. Rg4 {waere gleichermassen fruchtlos} 37... Rxg4
38. Nf6+ Kf7 39. Nxg4 Rxa4 40. Ne5+ 40... Ke6 $19) 37... Raxa4 (37... Rf7 $5 {
laesst dem Gegner kaum Chancen} 38. Rh2 Re7 39. Ng4 $19) 38. Ke3 Kf7 39. Rh2 h5
40. Nd3 Rh4 41. Rf2+ Kg7 42. Rf3 Rhe4+ 43. Kf2 0-1